000 00558nam a2200193Ia 4500
005 20260120124644.0
008 008 260114s9999 xx 000 0 eng d
020 _a9780444503190
037 _aEBOOK
040 _aCRL
_beng
_cCRL
041 _aeng
_2eng
084 _qCRL
245 0 _aPanel Data and Structural Labour Market Models
260 _bEmerald Publishing
_c2000
700 _aH. Bunzel
_9908879
856 _uhttps://www.emerald.com/insight/publication/doi/10.1108/S0573-8555(2000)243
942 _cEBOOK
999 _c1500790
_d1500790